000 01121nam0a2200301 i 4500
001 RU\NLR\bibl\2045605
005 20260406105805.0
010 _a9785699548309
_95000
021 _aRU
_b2013-20751
_9257д/13
035 _a(NLR Aleph) 002032779
090 _a4558563
_c4558563
100 _a20130620d2013 u y0rusy50 ca
101 0 _arus
102 _aRU
105 _aa |||||||||
200 1 _aВяжем деткам от 0 до 1 года спицами и крючком
_e[шапочки. Костюмчики. Платьица. Пинетки]
_fЕлена Каминская
210 _aМосква
_cЭксмо
_d2013
215 _a79 с.
_cцв. ил.
_d24
225 1 _aАзбука рукоделия
333 _a12+
606 _aДетская одежда
_xВязание
_92121907
_3RU\NLR\auth\661584908
686 _aМ483
700 1 _4070
_8rus
_7ca
_aКаминская
_bЕ. А.
_cпопуляризатор
_gЕлена Анатольевна
_3RU\NLR\auth\77103371
_986297
801 0 _aRU
_bNLR
_c20130620
_gRCR
801 1 _aRU
_bNLR
_c20130620
942 _cBOOK
980 _aNBR